| 000 | 00655nam a2200253Ia 4500 | ||
|---|---|---|---|
| 008 | 170203s9999 xx 000 0 und d | ||
| 020 | _a431057885 | ||
| 050 | _a788.92 | ||
| 050 | _b.P557t 2007 | ||
| 100 | _aPhillpotts, James. | ||
| 245 | _aShould I learn to play the trumpet? / | ||
| 245 | _cJames Phillpostts. | ||
| 260 | _aOxford : | ||
| 260 | _bHarcourt Educational Ltd. | ||
| 260 | _c2007 | ||
| 300 | _a32 pages : | ||
| 300 | _bcol. ill. ; | ||
| 300 | _c25 cm. | ||
| 440 | _aLearning musical instruments. | ||
| 650 | _atrumpet music. | ||
| 650 | _atrumpet. | ||
| 650 | _xJuvenile literature. | ||
| 650 | _xJuvenile literature. | ||
| 999 |
_c305503 _d305503 |
||